00547nam a22001817a 450000500170000001000140001702000260003103500130005703700130007008200130008310000180009624501220011426000390023627000230027530000280029850000190032670000200034520100724114716.0 aENG-96795 a9780071067188c550.00 aEN-80328 bDBAD/PUB a658.4012 aRhodes, David aAccelerating out of the great recession:bhow to win in a slow growth economy /cby David Rhodes [and] Daniel Stelter aNew DelhibTata Mc Graw hillc2010 a7 west patel nager axix, 202 p.c21 cm (Hb) aincludes index aStelter, Daniel